[Event "Warm up to 2000 III"]
[Site "SchemingMind.com"]
[Date "2006.12.09"]
[Round "-"]
[White "brankat"]
[Black "calidore"]
[Result "1-0"]
[WhiteCountry "CAN"]
[BlackCountry "ISR"]
[WhiteElo "2198"]
[WhiteRD "141"]
[BlackElo "1826"]
[BlackRD "61"]
[GameID "81076"]

1. d4 Nf6 2. c4 e6 3. Nc3 d5 4. Bg5 Be7 5. e3 O-O 6. Rc1 c6 7. Nf3 h6 8. Bh4 Nbd7 9. Bd3 dxc4 10. Bxc4 b5
11. Bd3 Bb7 12. O-O a6 13. Qe2 c5 14. Rfd1 cxd4 15. Nxd4 Nd5 16. Bxe7 Qxe7= 17. Nxd5 Bxd5 18. b3 Qg5 19. e4 Qe5 20. exd5
1-0

[Event "Warm up to 2000 III"]
[Site "SchemingMind.com"]
[Date "2006.12.09"]
[Round "-"]
[White "jaybekay"]
[Black "calidore"]
[Result "0-1"]
[WhiteCountry "USA"]
[BlackCountry "ISR"]
[WhiteElo "1776"]
[WhiteRD "105"]
[BlackElo "1860"]
[BlackRD "65"]
[GameID "81077"]

1. e4 Nf6 2. e5 Nd5 3. c4 Nb6 4. c5 Nd5 5. Bc4 e6 6. d4 b6 7. cxb6 axb6 8. Nf3 Bb7 9. O-O Be7 10. Nc3 Nxc3
11. bxc3 O-O 12. Bd3 d6 13. Bc2 Ba6 14. Re1 Nc6 15. Bf4 dxe5 16. Nxe5 Nxe5 17. Bxe5 Bf6 18. Re3 Bxe5 19. Bxh7+ Kxh7 20. Qh5+ Kg8
21. dxe5 f5 22. Rd1 Qe8 23. Qh4 Rd8 24. Rde1 Rd3
0-1